Counseling ethics and the law.

In this role-play session, Duncan Craig explains his client's rights to privacy within the context of a police investigation. He emphasizes that it may feel to the client that the aims of criminal justice may feel misaligned with the goals of therapy.

Bibliographic Details
Format: Video
Language:English
Language Notes:Closed-captions in English.
Published: London, United Kingdom : SAGE Publications Ltd., 2015.
Series:SAGE video in practice.
Subjects:
Online Access:Connect to this streaming video

MARC

Tag First Indicator Second Indicator Subfields
LEADER 00000cgm a2200000 i 4500
001 in00003752313
005 20190412191525.0
006 m|||||o||c||||||||
007 vz |za|||
007 cr |za||||||||
008 150707s2015 enk||| f |o v|eng|d
020 |a 9781473941342 (streaming video) :  |c No price 
035 |a (StDuBDS)EDZ0001177655 
040 |a StDuBDS  |b eng  |e rda  |c StDuBDS  |e pn  |d UtOrBLW 
041 0 |j eng 
050 4 |a BF636.67 
082 0 4 |a 174.91583  |2 23 
245 0 0 |a Counseling ethics and the law. 
264 1 |a London, United Kingdom :  |b SAGE Publications Ltd.,  |c 2015. 
300 |a 1 online resource (1 video file (11 min., 27 sec.)) :  |b sound, color. 
336 |a two-dimensional moving image  |b tdi  |2 rdacontent 
337 |a computer  |b c  |2 rdamedia 
338 |a online resource  |b cr  |2 rdacarrier 
490 1 |a SAGE video in practice 
511 0 |a On-screen presenter, Duncan Craig. 
520 8 |a In this role-play session, Duncan Craig explains his client's rights to privacy within the context of a police investigation. He emphasizes that it may feel to the client that the aims of criminal justice may feel misaligned with the goals of therapy. 
546 |a Closed-captions in English. 
588 |a Description based on online resource; title from home page (viewed on July 8, 2015). 
650 0 |a Counseling  |x Moral and ethical aspects.  |0 http://id.loc.gov/authorities/subjects/sh85033424 
650 0 |a Counseling psychologists  |x Professional ethics. 
650 0 |a Confidential communications.  |0 http://id.loc.gov/authorities/subjects/sh85030929 
655 7 |a Nonfiction television programs.  |2 lcgft  |0 http://id.loc.gov/authorities/genreForms/gf2011026425 
655 7 |a Internet videos.  |2 lcgft  |0 http://id.loc.gov/authorities/genreForms/gf2011026337 
700 1 |a Craig, Duncan,  |e on-screen presenter. 
830 0 |a SAGE video in practice. 
856 4 0 |u http://proxy.library.tamu.edu/login?url=http://sk.sagepub.com/video/counseling-ethics-and-the-law-craig-inpr  |z Connect to this streaming video  |t 0 
999 f f |s 4062b219-ab95-3b2a-8fad-47534d7fe252  |i c296b8d8-f969-3fab-9cf6-8221abc65907  |t 0 
952 f f |a Texas A&M University  |b College Station  |c Electronic Resources  |d Available Online  |t 0  |e BF636.67  |h Library of Congress classification 
998 f f |a BF636.67  |t 0  |l Available Online